000 00268nam a2200109Ia 4500
008 201217s9999 xx 000 0 und d
100 _aReid, George H.
245 0 _aShiphandling With Tugs
260 _aCentreville
_bCornell Maritime Press
300 _a265
942 _cBK
999 _c7848
_d7848